Phineas a Ferb : kniha vtipů /

Hlavní autor: Richards, Kitty
Korporativní autor: Walt Disney Enterprises
Jazyk: Čeština
Vydáno: V Praze : Egmont, 2011
Vydání: 1. vyd.
Témata:
Fyzický popis: 80 s. : barev. il. ; 20 cm + samolepky ([4] l.)
Knihy
Uloženo v:
LEADER 01521cam a2200445 a 4500
001 nkc20112194434
003 CZ PrNK
005 20110905112112.0
007 ta
008 110414s2011 xr a b 000 h cze d
015 |a cnb002194434 
020 |a 978-80-252-1772-6  |q (brož.) 
035 |a (OCoLC)752795179 
040 |a ULG001  |b cze  |d OLA001  |d ABA001 
041 1 |a cze  |h eng 
072 7 |a 821-93  |x Literatura pro děti a mládež (beletrie)  |2 Konspekt  |9 26 
080 |a 821-845  |2 MRF 
080 |a 821-93  |2 MRF 
080 |a (0:82-845)  |2 MRF 
100 1 |a Richards, Kitty  |7 xx0135069  |4 aut 
245 1 0 |a Phineas a Ferb :  |b kniha vtipů /  |c napsala Kitty Richardsová 
246 3 0 |a Kniha vtipů 
250 |a 1. vyd. 
260 |a V Praze :  |b Egmont,  |c 2011 
300 |a 80 s. :  |b barev. il. ;  |c 20 cm +  |e samolepky ([4] l.) 
500 |a Přeloženo z angličtiny 
500 |a Nad názvem: Disney 
500 |a "Podle televizního seriálu Dana Povenmirea & Jeffa "Swampy" Marshe" 
500 |a Listy se samolepkami všity v pub. 
655 7 |a vtipy  |7 fd133820  |2 czenas 
655 7 |a publikace pro děti  |7 fd133156  |2 czenas 
655 9 |a jokes  |2 eczenas 
655 9 |a children's literature  |2 eczenas 
710 2 |a Walt Disney Enterprises  |7 ko2002113163 
765 0 |t Phineas and Ferb Laughapalooza joke book  |9 Česky 
910 2 |a BOA001  |b 1-1271.004 
990 |a BK 
995 |a 01 
991 |b 201108  |e db 
996 6 |b 2610484777  |c 1-1271.004  |l MZK  |r Sklad / do 1 hodiny  |n 0  |p p.v.  |w 001192639  |u 000020  |a 1  |e BOA001  |j MZK50  |s P